006130000a22001930004500090001700000245007600017653001900093653002000112690002100132690002600153690002700179041001300206044001300219700004600232100004000278942001300318773007100331999001700402 aASbSERIADAS10aSize at sexual maturity in the queen conch Strombus Gigas from Colombia eStrombus gigas eBiemna cribaria aCaracoles995405 aMadurez sexual996649 aPesca comercial9494960 aInglés aColombia1 aBaqueiro Cárdenas, Erick Raúl91004011 aAvila Poveda, Omar Hernando9100402 cARTICULO1 tBoletín de Investigaciones Marinas y Costerasq223-233d2006g35 c16229d16229